[Event "IECG CE.2008.0.00107 email"]
[Site "IECG email"]
[Date "2008.12.14"]
[Round "?"]
[White "MacDonald, Rob"]
[Black "Elias, Fernando"]
[Result "0-1"]
[WhiteElo "1264"]
[BlackElo "1392"]
[PlyCount "46"]
[EventDate "2008.12.14"]
[EventType "tourn (corr)"]
[EventRounds "6"]
[SourceTitle "Corr 2024"]
[Source "ChessBase"]
[SourceDate "2023.10.19"]
[SourceVersion "1"]
[SourceVersionDate "2023.10.19"]
[SourceQuality "1"]

1. Nf3 d5 2. e4 dxe4 3. Ng5 Bf5 4. g4 Bg6 5. Bg2 Nf6 6. Nc3 h5 7. Ngxe4 Nxg4 8. h3 Nh6 9. Bf3 Nf5 10. Nc5 c6 11. Rg1 e6 12. Nxe6 Qe7 13. Qe2 Nh4 14. Bxc6+ Nxc6 15. Rxg6 Nxg6 16. Nc7+ Kd7 17. Nxa8 Qxe2+ 18. Nxe2 Bc5 19. d3 Rxa8 20. Bd2 Re8 21. Kf1 Nh4 22. Bg5 Nf3 23. Nc3 Nxg5 0-1

[Event "LSS SL-2006-0-00048"]
[Site "LSS email"]
[Date "2006.09.25"]
[Round "?"]
[White "Elias, Fernando"]
[Black "Hendriks, Marrien"]
[Result "1-0"]
[WhiteElo "1358"]
[BlackElo "1627"]
[PlyCount "27"]
[EventDate "2006.09.09"]
[EventType "tourn (corr)"]
[EventRounds "10"]
[EventCountry "GER"]
[SourceTitle "Corr 2015"]
[Source "ChessBase"]
[SourceDate "2015.07.17"]
[SourceVersion "1"]
[SourceVersionDate "2015.07.17"]
[SourceQuality "1"]

1. e4 c5 2. Nf3 d6 3. b3 Nc6 4. Bb2 Nf6 5. Bxf6 gxf6 6. Bc4 Rg8 7. 0-0 Bh3 8. Ne1 Bg4 9. Be2 Bd7 10. Nc3 Bh6 11. Rb1 Qa5 12. Bc4 0-0-0 13. Bxf7 Rg7 14. Bc4 1-0

[Event "IECG SL.2006.0.00048"]
[Site "IECG email"]
[Date "2006.09.09"]
[Round "?"]
[White "Elias, Fernando"]
[Black "Sarihan, Sefa"]
[Result "1-0"]
[WhiteElo "1244"]
[BlackElo "1153"]
[PlyCount "79"]
[EventDate "2006.09.09"]
[EventType "tourn (corr)"]
[EventRounds "6"]
[SourceTitle "Corr 2008"]
[Source "ChessBase"]
[SourceDate "2008.06.24"]
[SourceVersion "1"]
[SourceVersionDate "2008.06.24"]
[SourceQuality "1"]

1. e4 e6 2. Qe2 Ne7 3. b3 Ng6 4. Bb2 e5 5. Nf3 Be7 6. Nxe5 Nxe5 7. Bxe5 f6 8. Bb2 d6 9. d4 Nc6 10. Qh5+ g6 11. Qd5 Bf8 12. Nc3 Qe7 13. Bb5 Bd7 14. 0-0 a6 15. Bxc6 Bxc6 16. Qc4 Rc8 17. f4 Bxe4 18. Nxe4 Bg7 19. Rae1 Kf8 20. Nc5 Qf7 21. Ne6+ Kg8 22. f5 gxf5 23. Rxf5 c6 24. Ba3 d5 25. Rxd5 Bh6 26. Rd8+ Rxd8 27. Nxd8 Qxc4 28. bxc4 Kg7 29. Nxb7 Rb8 30. Nd6 Bd2 31. Re7+ Kg6 32. d5 cxd5 33. cxd5 f5 34. Nc4 Bc3 35. d6 Rb1+ 36. Kf2 Rd1 37. Ne5+ Kf6 38. Nd3 Rd2+ 39. Kf3 Rxc2 40. Rc7 1-0

[Event "IECG SL.2006.0.00048"]
[Site "IECG email"]
[Date "2006.09.09"]
[Round "?"]
[White "Elias, Fernando"]
[Black "Trevis, Robert R"]
[Result "1-0"]
[WhiteElo "1244"]
[BlackElo "1299"]
[PlyCount "73"]
[EventDate "2006.09.09"]
[EventType "tourn (corr)"]
[EventRounds "6"]
[SourceTitle "Corr 2008"]
[Source "ChessBase"]
[SourceDate "2008.06.24"]
[SourceVersion "1"]
[SourceVersionDate "2008.06.24"]
[SourceQuality "1"]

1. e4 e5 2. Nf3 d5 3. Nxe5 dxe4 4. Bc4 Nh6 5. d4 exd3 6. Bxh6 gxh6 7. 0-0 Qd4 8. Qh5 Qf4 9. Nxf7 Rg8 10. Ne5+ Rg6 11. Nxg6 hxg6 12. Qxg6+ Kd8 13. Bxd3 Nd7 14. Nc3 Bd6 15. g3 Qf8 16. Ne4 Ne5 17. Qf6+ Qxf6 18. Nxf6 Nxd3 19. cxd3 Be5 20. Ng8 Bxb2 21. Rab1 Bg7 22. Rfe1 c5 23. f4 b6 24. Re7 Bd4+ 25. Kg2 Bd7 26. Rbe1 Bc3 27. R1e2 h5 28. f5 Kc7 29. Nh6 Bf6 30. Rf7 Bd4 31. f6 Kd6 32. Kf3 Rh8 33. Rxd7+ Kxd7 34. Re7+ Kc6 35. f7 c4 36. dxc4 Bc5 37. Ng8 1-0

[Event "IECG OP.2006.0.00079"]
[Site "IECG email"]
[Date "2006.06.28"]
[Round "?"]
[White "Elias, Fernando"]
[Black "Eshuis, Johannes"]
[Result "1-0"]
[WhiteElo "1182"]
[BlackElo "1866"]
[PlyCount "51"]
[EventDate "2006.06.26"]
[EventType "tourn (corr)"]
[EventRounds "6"]
[SourceTitle "Corr 2022"]
[Source "ChessBase"]
[SourceDate "2021.10.24"]
[SourceVersion "1"]
[SourceVersionDate "2021.10.24"]
[SourceQuality "1"]

1. e4 c5 2. c3 Nf6 3. e5 Nd5 4. d4 cxd4 5. Nf3 d6 6. Bc4 Nb6 7. Bb3 d5 8. Nxd4 Nc6 9. Bf4 Nxd4 10. cxd4 Bf5 11. Nc3 e6 12. h4 h6 13. g4 Bg6 14. h5 Bh7 15. Rc1 a6 16. 0-0 g6 17. hxg6 Bxg6 18. Kg2 h5 19. Rh1 Be7 20. gxh5 Bf5 21. Bc2 Rg8+ 22. Kf1 Qd7 23. Bxf5 exf5 24. h6 Rh8 25. h7 Qe6 26. Rh6 1-0

[Event "IECG OP.2006.0.00079"]
[Site "IECG email"]
[Date "2006.06.26"]
[Round "?"]
[White "Sen, Tuncay"]
[Black "Elias, Fernando"]
[Result "1/2-1/2"]
[WhiteElo "1649"]
[BlackElo "1182"]
[PlyCount "98"]
[EventDate "2006.06.26"]
[EventType "tourn (corr)"]
[EventRounds "6"]
[SourceTitle "Corr 2008"]
[Source "ChessBase"]
[SourceDate "2008.06.24"]
[SourceVersion "1"]
[SourceVersionDate "2008.06.24"]
[SourceQuality "1"]

1. e4 e5 2. Nf3 Nc6 3. Bc4 Nf6 4. Ng5 d5 5. exd5 Na5 6. Bb5+ c6 7. dxc6 bxc6 8. Qf3 Rb8 9. Bd3 h6 10. Ne4 Nd5 11. 0-0 Nf4 12. Re1 Be7 13. Bf1 Ne6 14. Qg3 Qc7 15. d4 exd4 16. Qxc7 Nxc7 17. Nd6+ Kf8 18. Bf4 Nd5 19. Nxf7 Nxf4 20. Nxh8 Bf6 21. g3 Nd5 22. Ng6+ Kf7 23. Bd3 Rxb2 24. a3 c5 25. Nd2 Rb6 26. Ne5+ Kf8 27. Ndc4 Nxc4 28. Nxc4 Re6 29. Rxe6 Bxe6 30. Rb1 a6 31. Rb8+ Ke7 32. Rb7+ Kd8 33. Ra7 Nc7 34. Na5 Bd5 35. Bxa6 Nxa6 36. Rxa6 Kc7 37. Kf1 c4 38. Ke2 Bd8 39. f4 Kd7 40. h4 Kc7 41. h5 Kd7 42. a4 Bc7 43. Kd2 Bd8 44. Ra7+ Kc8 45. Ra6 Kd7 46. Ra7+ Kc8 47. Ke2 Bc7 48. Ra6 Kd7 49. Kd2 Bd8 1/2-1/2

[Event "IECG CF.2004.0.00063 email"]
[Site "IECG email"]
[Date "2004.08.24"]
[Round "?"]
[White "Elias, Fernando"]
[Black "Hadden, Ian"]
[Result "1-0"]
[WhiteElo "1117"]
[BlackElo "1193"]
[PlyCount "75"]
[EventDate "2004.08.24"]
[EventType "tourn (corr)"]
[EventRounds "6"]
[SourceTitle "Corr 2008"]
[Source "ChessBase"]
[SourceDate "2008.06.24"]
[SourceVersion "1"]
[SourceVersionDate "2008.06.24"]
[SourceQuality "1"]

1. d4 Nf6 2. c4 e6 3. Nf3 d5 4. Nc3 Bb4 5. e3 Ne4 6. Qc2 0-0 7. Bd3 f5 8. a3 Bxc3+ 9. bxc3 Nc6 10. 0-0 Qf6 11. cxd5 exd5 12. c4 Be6 13. Rb1 Rab8 14. Nd2 Qg6 15. cxd5 Bxd5 16. f3 Nd6 17. Bb2 Rbe8 18. e4 Ba2 19. Ra1 Be6 20. d5 fxe4 21. fxe4 Bh3 22. Nf3 Na5 23. Kh1 Nb3 24. gxh3 Nxa1 25. Bxa1 Qf7 26. e5 Qxd5 27. Kg2 Nf7 28. Bxh7+ Kh8 29. Be4 Qd8 30. Bxb7 Ng5 31. Qg6 Ne6 32. Kh1 Nf4 33. Qg4 Qd3 34. Rg1 Qh7 35. e6 Nxe6 36. Bd5 Rf4 37. Bxg7+ Nxg7 38. Qxf4 1-0

[Event "IECG CF.2004.0.00063 email"]
[Site "IECG email"]
[Date "2004.08.24"]
[Round "?"]
[White "Venturas, Bob"]
[Black "Elias, Fernando"]
[Result "0-1"]
[WhiteElo "692"]
[BlackElo "1117"]
[PlyCount "72"]
[EventDate "2004.08.24"]
[EventType "tourn (corr)"]
[EventRounds "6"]
[SourceTitle "Corr 2008"]
[Source "ChessBase"]
[SourceDate "2008.06.24"]
[SourceVersion "1"]
[SourceVersionDate "2008.06.24"]
[SourceQuality "1"]

1. e4 e5 2. Nf3 Nc6 3. Bb5 Bc5 4. h3 Nf6 5. Nc3 0-0 6. Bxc6 dxc6 7. Nxe5 Re8 8. Nf3 Nxe4 9. 0-0 Nxc3 10. bxc3 Bf5 11. d4 Bd6 12. Be3 Qf6 13. Kh1 Qg6 14. Nh4 Bxc2 15. Qd2 Qd3 16. Rac1 Qxd2 17. Bxd2 Bd3 18. Rfe1 c5 19. Nf3 cxd4 20. Nxd4 c5 21. Nf3 g6 22. Be3 c4 23. Kg1 b5 24. Nd4 a6 25. f4 f5 26. Kf2 Ba3 27. Rcd1 Bb2 28. Bd2 b4 29. Rxe8+ Rxe8 30. Be3 Bxc3 31. Ne2 Bxe2 32. Kxe2 a5 33. Rb1 a4 34. Kf3 b3 35. axb3 cxb3 36. Ke2 Bd4 0-1